000 00626nas a2200217 a 4500
001 53567
003 124136
005 20201118102925.0
008 ||||||n9999 ||| || ||
041 _aspa
245 0 _aRevista de Investigaciones - S.E. (jul.-dic. 1997)
260 _aBogotá :
_bCamara de Comercio de Barranquilla,
_c1997.
562 _e1
650 _aBARRANQUILLA, ATLANTICO (COLOMBIA)
650 _aCIUDADES
650 _aCOMPORTAMIENTO ECONOMICO
650 _aECONOMÍA--ESTADÍSTICA MATEMÁTICA
650 _aSECTORES ECONÓMICOS
773 _018145
_aRevista de Investigaciones
942 _cSISS
999 _c53567
_d53567